Quick Pick: Wild Cats of North America Quiz Stats

 Plays Quiz Updated Apr 28, 2019

Score 0/8 Timer 00:30
3 Plays Today
% Correct
Bobcat
94.3%
Cougar
93.9%
Lynx
89.5%
Ocelot
74.3%
Jaguar
67%
Jaguarundi
36.6%
Oncilla
34.7%
Margay
34.1%

Today's Daily Dose

Missing Word
Video Games (A-Z)

Get the Picture
Tom Hanks

You're not logged in!

Compare scores with friends on all Sporcle quizzes.
OR
Log In

Sporcle TV

Today on Sporcle TV


Watch our educational content, quiz creation guides, and fun videos on Sporcle TV.

Show Comments

Extras

Top Quizzes Today


Score Distribution

Your Account Isn't Verified!

In order to create a playlist on Sporcle, you need to verify the email address you used during registration. Go to your Sporcle Settings to finish the process.

Report this User

Report this user for behavior that violates our Community Guidelines.

Details: